000 01441cam a2200325 a 4500
005 20260322212011.0
008 data
010 _a 2007043059
020 _a9781594868542 (pbk.)
020 _a1594868549 (pbk.)
040 _aDLC
_cDLC
_dDLC
_dBTCTA
_dYDXCP
_dBAKER
_dUPZ
_dVP@
_dJED
_dDLC
050 0 0 _aRA784
_b.Z563 2008
082 0 0 _a613.2
_222
092 _a613.2 Z563 2008
100 1 _aZinczenko, David.
245 1 0 _aEat this, not that :
_bthousands of simple food swaps that can save you 10, 20, 30 pounds--or more! /
_cDavid Zinczenko & Matt Goulding.
260 _aNew York, NY :
_bDistributed to the trade by Macmillan,
_bDistributed to the trade by Macmillan,
_cc2008.
300 _axiii, 304 p. :
_bcol. ill. ;
_c17 cm.
500 _aIncludes index.
650 0 _aNutrition.
650 0 _aFunctional foods.
650 0 _aConvenience foods.
700 1 _aGoulding, Matt.
856 4 2 _3Contributor biographical information
_uhttp://www.loc.gov/catdir/enhancements/fy0804/2007043059-b.html
856 4 2 _3Publisher description
_uhttp://www.loc.gov/catdir/enhancements/fy0804/2007043059-d.html
906 _a7
_bcbc
_corignew
_d1
_eecip
_f20
_gy-gencatlg
925 0 _aacquire
_b2 shelf copies
_xpolicy default
955 _ejc02 2007-10-18 to review
_fpv01 2008-04-24 Z-CipVer 2 copies to CIP
001 data
999 _c220
_d220